[Event "Madrid ch Veteranos 2018-2019"]
[Site "Madrid ESP"]
[Date "2019.01.08"]
[Round "2.14"]
[White "Olmos Sanz, Francisco J"]
[Black "Garcia Galeote, Lorenzo"]
[Result "1/2-1/2"]
[WhiteElo "1574"]
[BlackElo "1895"]
[PlyCount "86"]
[EventDate "2019.01.07"]
[EventType "swiss"]
[EventRounds "9"]
[EventCountry "ESP"]
[SourceTitle "Ajedrez en Madrid"]
[Source "lmi"]
[SourceDate "2019.01.07"]
[SourceVersion "1"]
[SourceVersionDate "2019.01.22"]
[SourceQuality "1"]

1. c4 g6 2. Nf3 Bg7 3. Nc3 d6 4. d4 Nc6 5. e3 e5 6. d5 Nce7 7. e4 h6 8. Be3 f5
9. Qc2 Nf6 10. Bd3 O-O 11. c5 fxe4 12. Bxe4 Nxe4 13. Qxe4 Qe8 14. cxd6 cxd6 15.
O-O b6 16. Rac1 Bb7 17. Rfd1 Rc8 18. Nd2 Qf7 19. Nf1 Nf5 20. Rc2 Ba6 21. Rcd2
Rc4 22. Qb1 Nh4 23. Ne4 Qd7 24. Nfg3 Nf5 25. Nf1 Rcc8 26. Neg3 Qf7 27. Ne4 Qe7
28. Neg3 Rc7 29. f3 h5 30. Nxf5 gxf5 31. Rc2 f4 32. Bf2 Rfc8 33. Rxc7 Qxc7 34.
Qf5 Qc2 35. Qe6+ Kh8 36. Re1 Qxb2 37. Qg6 Qxa2 38. Qxd6 Rc2 39. Qg6 Rxf2 40.
Qe8+ Kh7 41. Qxh5+ Kg8 42. Qe8+ Kh7 43. Qh5+ Kg8 1/2-1/2

[Event "Madrid ch Veteranos 2018-2019"]
[Site "Madrid ESP"]
[Date "2019.01.08"]
[Round "2.15"]
[White "Vukotic Jovsic, Dragan"]
[Black "Prieto Gonzalez, Cesar"]
[Result "1-0"]
[WhiteElo "1959"]
[BlackElo "1505"]
[PlyCount "65"]
[EventDate "2019.01.07"]
[EventType "swiss"]
[EventRounds "9"]
[EventCountry "ESP"]
[SourceTitle "Ajedrez en Madrid"]
[Source "lmi"]
[SourceDate "2019.01.07"]
[SourceVersion "1"]
[SourceVersionDate "2019.01.22"]
[SourceQuality "1"]

1. d4 d6 2. Bf4 Nf6 3. Nf3 Nbd7 4. h3 c6 5. e3 Qc7 6. Bc4 h6 7. c3 e5 8. dxe5
dxe5 9. Bh2 Bd6 10. Nbd2 b5 11. Be2 Nc5 12. a4 Nxa4 13. Nc4 bxc4 14. Rxa4 Be6
15. Bxc4 Bxc4 16. Rxc4 O-O 17. O-O Rfd8 18. Qa4 Rac8 19. Ra1 Rd7 20. Qa6 e4 21.
Bxd6 Rxd6 22. Rd4 Rcd8 23. Ne1 R8d7 24. Nc2 Qb6 25. b4 c5 26. Rxd6 Qxd6 27.
Qxd6 Rxd6 28. Rxa7 cxb4 29. cxb4 Kf8 30. Nd4 Rb6 31. b5 Nd5 32. Nf5 Rxb5 33.
Ra8+ 1-0

[Event "Madrid ch Veteranos 2018-2019"]
[Site "Madrid ESP"]
[Date "2019.01.08"]
[Round "2.16"]
[White "Garcia Martin, Esteban"]
[Black "Rodriguez Bachiller, Luis"]
[Result "1-0"]
[WhiteElo "1856"]
[BlackElo "1613"]
[PlyCount "49"]
[EventDate "2019.01.07"]
[EventType "swiss"]
[EventRounds "9"]
[EventCountry "ESP"]
[SourceTitle "Ajedrez en Madrid"]
[Source "lmi"]
[SourceDate "2019.01.07"]
[SourceVersion "1"]
[SourceVersionDate "2019.01.22"]
[SourceQuality "1"]

1. c4 Nf6 2. Nc3 g6 3. g3 Bg7 4. Bg2 O-O 5. e4 d6 6. Nge2 e5 7. O-O Bg4 8. h3
Be6 9. d3 Nc6 10. Be3 Qc8 11. Kh2 Nh5 12. f4 exf4 13. Nxf4 Nxf4 14. Bxf4 f5 15.
Qe2 Nd4 16. Qd2 Bd7 17. Nd5 Re8 18. Bg5 Qb8 19. Nf6+ Bxf6 20. Bxf6 Nc6 21. exf5
Bxf5 22. Rxf5 gxf5 23. Qg5+ Kf7 24. Qg7+ Ke6 25. Bd5# 1-0

[Event "Madrid ch Veteranos 2018-2019"]
[Site "Madrid ESP"]
[Date "2019.01.08"]
[Round "2.17"]
[White "Villodre Miranda, Juan Alonso"]
[Black "Martin Rodriguez, Emilio"]
[Result "0-1"]
[WhiteElo "1594"]
[BlackElo "2028"]
[PlyCount "56"]
[EventDate "2019.01.07"]
[EventType "swiss"]
[EventRounds "9"]
[EventCountry "ESP"]
[SourceTitle "Ajedrez en Madrid"]
[Source "lmi"]
[SourceDate "2019.01.07"]
[SourceVersion "1"]
[SourceVersionDate "2019.01.22"]
[SourceQuality "1"]

1. c4 c6 2. d4 d5 3. e3 Nf6 4. Nc3 g6 5. Bd2 Bg7 6. h3 O-O 7. Qb3 Ne4 8. Nxe4
dxe4 9. O-O-O b5 10. cxb5 cxb5 11. Bxb5 Nd7 12. Bxd7 Bxd7 13. Bc3 Rb8 14. Qc2
Qb6 15. Ne2 Rfc8 16. Kd2 Qa6 17. Nc1 Ba4 18. b3 Bd7 19. Qb2 Bb5 20. Ke1 Rc7 21.
Ne2 Bxe2 22. Qxe2 Qxe2+ 23. Kxe2 Rxc3 24. f4 exf3+ 25. gxf3 Rbc8 26. Rd2 e6 27.
Rhd1 Kf8 28. e4 Bh6 0-1

[Event "Madrid ch Veteranos 2018-2019"]
[Site "Madrid ESP"]
[Date "2019.01.08"]
[Round "2.18"]
[White "Garcia Lafuente, Luis"]
[Black "Garcia Diez, Mariano"]
[Result "0-1"]
[WhiteElo "1556"]
[BlackElo "1887"]
[PlyCount "58"]
[EventDate "2019.01.07"]
[EventType "swiss"]
[EventRounds "9"]
[EventCountry "ESP"]
[SourceTitle "Ajedrez en Madrid"]
[Source "lmi"]
[SourceDate "2019.01.07"]
[SourceVersion "1"]
[SourceVersionDate "2019.01.22"]
[SourceQuality "1"]

1. d4 f5 2. Bf4 Nf6 3. e3 e6 4. Nd2 Be7 5. Ngf3 O-O 6. h4 b6 7. Ng5 Bb7 8. Ndf3
Na6 9. Bc4 c5 10. c3 cxd4 11. exd4 Nc7 12. Qe2 Nfd5 13. Bxc7 Nxc7 14. Ne5 Qe8
15. O-O-O Rf6 16. f4 Nd5 17. Qd2 Rc8 18. Bb5 Rc7 19. Rh3 a6 20. Be2 b5 21. Kb1
d6 22. Nd3 Nb6 23. Nb4 a5 24. Nc2 Qc8 25. Ne1 h6 26. Ngf3 b4 27. cxb4 axb4 28.
Rc1 Be4+ 29. Bd3 Nc4 0-1

[Event "Madrid ch Veteranos 2018-2019"]
[Site "Madrid ESP"]
[Date "2019.01.08"]
[Round "2.19"]
[White "Lopez Peral, Enrique"]
[Black "De Juan Rivas, Antonio"]
[Result "1-0"]
[WhiteElo "1702"]
[BlackElo "1560"]
[PlyCount "93"]
[EventDate "2019.01.07"]
[EventType "swiss"]
[EventRounds "9"]
[EventCountry "ESP"]
[SourceTitle "Ajedrez en Madrid"]
[Source "lmi"]
[SourceDate "2019.01.07"]
[SourceVersion "1"]
[SourceVersionDate "2019.01.22"]
[SourceQuality "1"]

1. Nf3 Nf6 2. c4 g6 3. b3 Bg7 4. Bb2 O-O 5. g3 d6 6. d4 c5 7. Bg2 Bf5 8. O-O
Nc6 9. d5 Ne5 10. Nxe5 Ne8 11. Nxf7 Rxf7 12. Bxg7 Nxg7 13. Nd2 Qd7 14. Nf3 Rf6
15. Ng5 Raf8 16. Qd2 b6 17. e4 Bg4 18. f3 Bh5 19. Bh3 Qe8 20. Ne6 Bxf3 21. Qh6
Nxe6 22. Bxe6+ Kh8 23. Qe3 Kg7 24. e5 dxe5 25. Qxe5 Qb8 26. Qc3 Be4 27. Rf4 Bf5
28. Bxf5 gxf5 29. Rxf5 Qd6 30. Raf1 Qd7 31. Qe5 Qd6 32. Qxd6 exd6 33. Rxf6 Rxf6
34. Rxf6 Kxf6 35. Kf2 Kf5 36. Kf3 Ke5 37. g4 b5 38. h4 bxc4 39. bxc4 Kd4 40. g5
Kxc4 41. h5 Kxd5 42. g6 hxg6 43. h6 c4 44. Ke3 Kc5 45. h7 d5 46. h8=Q a5 47.
Qf8+ 1-0

[Event "Madrid ch Veteranos 2018-2019"]
[Site "Madrid ESP"]
[Date "2019.01.08"]
[Round "2.20"]
[White "Yela Garcia, Carlos"]
[Black "Lopez Orellana, Federico"]
[Result "1/2-1/2"]
[WhiteElo "1546"]
[BlackElo "1694"]
[PlyCount "27"]
[EventDate "2019.01.07"]
[EventType "swiss"]
[EventRounds "9"]
[EventCountry "ESP"]
[SourceTitle "Ajedrez en Madrid"]
[Source "lmi"]
[SourceDate "2019.01.07"]
[SourceVersion "1"]
[SourceVersionDate "2019.01.22"]
[SourceQuality "1"]

1. e4 d5 2. exd5 Qxd5 3. Nc3 Qd8 4. d4 c6 5. Nf3 Bf5 6. Bd3 Bxd3 7. Qxd3 e6 8.
O-O Nf6 9. Re1 Be7 10. Ne4 Nbd7 11. Bf4 Nxe4 12. Rxe4 Nf6 13. Re2 O-O 14. Rd1
1/2-1/2

[Event "Madrid ch Veteranos 2018-2019"]
[Site "Madrid ESP"]
[Date "2019.01.08"]
[Round "2.21"]
[White "Calderon Martin, Antonio"]
[Black "Diaz Begonte, Manuel"]
[Result "0-1"]
[WhiteElo "1681"]
[BlackElo "1552"]
[PlyCount "92"]
[EventDate "2019.01.07"]
[EventType "swiss"]
[EventRounds "9"]
[EventCountry "ESP"]
[SourceTitle "Ajedrez en Madrid"]
[Source "lmi"]
[SourceDate "2019.01.07"]
[SourceVersion "1"]
[SourceVersionDate "2019.01.22"]
[SourceQuality "1"]

1. e4 d5 2. exd5 Nf6 3. Bb5+ Bd7 4. Be2 Nxd5 5. d4 e6 6. Nf3 Be7 7. O-O O-O 8.
c4 Nf6 9. a3 c5 10. dxc5 Bxc5 11. b4 Be7 12. Nc3 a6 13. Bb2 Bc6 14. Qc2 Qc7 15.
c5 Rd8 16. Rfd1 Nbd7 17. Rd2 Nf8 18. Rxd8 Rxd8 19. Rd1 Ng6 20. Ne1 Nh4 21. g3
Nf5 22. Rxd8+ Qxd8 23. Nd1 Nd4 24. Bxd4 Qxd4 25. Bf3 Nd5 26. Bg2 Bf6 27. Qd3
Kf8 28. Qxd4 Bxd4 29. Nc2 Bf6 30. Nce3 Ke7 31. Nc4 g6 32. Na5 Bd4 33. Nxc6+
bxc6 34. Kf1 Kd7 35. Ke2 e5 36. Kd3 Ke6 37. f4 Bg1 38. Bh3+ f5 39. fxe5 Bxh2
40. g4 Nf4+ 41. Kc4 Nxh3 42. gxf5+ gxf5 43. a4 Bxe5 44. b5 cxb5+ 45. axb5 axb5+
46. Kxb5 f4 0-1

[Event "Madrid ch Veteranos 2018-2019"]
[Site "Madrid ESP"]
[Date "2019.01.08"]
[Round "2.22"]
[White "Sierra Garcia, Ricardo"]
[Black "Martinez Miura, Enrique"]
[Result "0-1"]
[WhiteElo "1394"]
[BlackElo "1661"]
[PlyCount "56"]
[EventDate "2019.01.07"]
[EventType "swiss"]
[EventRounds "9"]
[EventCountry "ESP"]
[SourceTitle "Ajedrez en Madrid"]
[Source "lmi"]
[SourceDate "2019.01.07"]
[SourceVersion "1"]
[SourceVersionDate "2019.01.22"]
[SourceQuality "1"]

1. e4 e6 2. d4 d5 3. Nd2 dxe4 4. Nxe4 Nd7 5. Nf3 Be7 6. Bd3 Ngf6 7. O-O Nxe4 8.
Bxe4 Nf6 9. Bd3 O-O 10. Be3 b6 11. c3 Bb7 12. Ne5 Nd7 13. Qc2 g6 14. f4 Bf6 15.
Ng4 Bg7 16. Nf2 Rc8 17. Be4 Bxe4 18. Nxe4 Nf6 19. Ng3 Ng4 20. Qd2 Nxe3 21. Qxe3
c5 22. Rad1 cxd4 23. cxd4 Qd5 24. b3 Rc2 25. Rf2 Rfc8 26. Ne4 Rxf2 27. Kxf2
Rc2+ 28. Rd2 Bxd4 0-1

[Event "Madrid ch Veteranos 2018-2019"]
[Site "Madrid ESP"]
[Date "2019.01.08"]
[Round "2.23"]
[White "Bellagamba, Pascal"]
[Black "Menendez Domes, Juan"]
[Result "1-0"]
[WhiteElo "1640"]
[BlackElo "1393"]
[PlyCount "79"]
[EventDate "2019.01.07"]
[EventType "swiss"]
[EventRounds "9"]
[EventCountry "ESP"]
[SourceTitle "Ajedrez en Madrid"]
[Source "lmi"]
[SourceDate "2019.01.07"]
[SourceVersion "1"]
[SourceVersionDate "2019.01.22"]
[SourceQuality "1"]

1. e4 e5 2. Nc3 Nf6 3. Bc4 Bc5 4. Nf3 d6 5. h3 h6 6. d3 Nc6 7. Na4 Bb6 8. Nxb6
axb6 9. a3 Qe7 10. O-O Be6 11. Bb5 O-O 12. c3 Na5 13. Ba4 Nc6 14. Re1 Bd7 15.
Bc2 Rfe8 16. Bd2 b5 17. d4 Na5 18. Bd3 Nc4 19. Bxc4 bxc4 20. d5 Ba4 21. Qe2 Bb3
22. Nh4 Nxd5 23. Nf5 Qf6 24. Qf3 Ne7 25. Nxh6+ Kh7 26. Qxf6 gxf6 27. Ng4 Kg6
28. Rac1 Nc6 29. Re3 f5 30. exf5+ Kxf5 31. Rf3+ Ke6 32. Rf6+ Ke7 33. Bg5 Rg8
34. Bh4 Ke8 35. Re1 Rg6 36. f4 Ra5 37. fxe5 dxe5 38. Rxg6 fxg6 39. Bg3 Rd5 40.
Nf6+ 1-0

[Event "Madrid ch Veteranos 2018-2019"]
[Site "Madrid ESP"]
[Date "2019.01.08"]
[Round "2.24"]
[White "Suarez Mencia, Roberto"]
[Black "Martinez Pintor, Juan"]
[Result "0-1"]
[WhiteElo "1392"]
[BlackElo "1628"]
[PlyCount "76"]
[EventDate "2019.01.07"]
[EventType "swiss"]
[EventRounds "9"]
[EventCountry "ESP"]
[SourceTitle "Ajedrez en Madrid"]
[Source "lmi"]
[SourceDate "2019.01.07"]
[SourceVersion "1"]
[SourceVersionDate "2019.01.22"]
[SourceQuality "1"]

1. c4 c6 2. g3 Nf6 3. Bg2 d5 4. cxd5 cxd5 5. e3 e6 6. Ne2 Nc6 7. O-O Be7 8. d4
b5 9. a3 Bb7 10. b4 O-O 11. Nbc3 a6 12. f4 Qd7 13. Qc2 Rac8 14. Bb2 Ng4 15. Qd3
f5 16. h3 Nf6 17. Rae1 Nd8 18. Qd1 Nf7 19. Nc1 Nd6 20. Nd3 Nc4 21. Nb1 Ne4 22.
Bxe4 dxe4 23. Ne5 Nxe5 24. dxe5 Qc7 25. Qb3 Bd5 26. Qd1 Rfd8 27. Rf2 Bc4 28.
Qh5 g6 29. Qh6 Rd3 30. g4 Qd8 31. Bd4 Bh4 32. gxf5 Bxf2+ 33. Kxf2 Rxd4 34. f6
Rd7 35. Rg1 Qe8 36. h4 Kh8 37. h5 Qf8 38. hxg6 Qxh6 0-1

[Event "Madrid ch Veteranos 2018-2019"]
[Site "Madrid ESP"]
[Date "2019.01.08"]
[Round "2.25"]
[White "Ortega Molina, Tomas"]
[Black "Abad Martin-Camuñas, Luis"]
[Result "1-0"]
[WhiteElo "1623"]
[BlackElo "1369"]
[PlyCount "87"]
[EventDate "2019.01.07"]
[EventType "swiss"]
[EventRounds "9"]
[EventCountry "ESP"]
[SourceTitle "Ajedrez en Madrid"]
[Source "lmi"]
[SourceDate "2019.01.07"]
[SourceVersion "1"]
[SourceVersionDate "2019.01.22"]
[SourceQuality "1"]

1. c4 e6 2. Nc3 Nf6 3. g3 d5 4. cxd5 exd5 5. d4 Bf5 6. Bg2 h6 7. Qb3 Nc6 8. e3
Na5 9. Qa4+ c6 10. Nge2 b5 11. Qd1 Bb4 12. Bd2 Nc4 13. Qc1 Bd3 14. a3 Bxc3 15.
Nxc3 Nxd2 16. Qxd2 Bf5 17. O-O O-O 18. Rae1 Re8 19. f3 Qd7 20. e4 dxe4 21. fxe4
Bh3 22. e5 Bxg2 23. Kxg2 Nh7 24. h4 Rad8 25. Rf4 a6 26. Qf2 Qe6 27. Ne4 Qd5 28.
Kg1 Rf8 29. Nd6 f6 30. Nf5 Rde8 31. exf6 Nxf6 32. Ne7+ Rxe7 33. Rxe7 Qd6 34.
Re5 Qd7 35. Qf3 Qc8 36. g4 Nd5 37. Rxf8+ Qxf8 38. Qxf8+ Kxf8 39. Kf2 Nf6 40.
Kf3 Kf7 41. Rc5 Nd5 42. Rxc6 b4 43. Rxa6 bxa3 44. bxa3 1-0

[Event "Madrid ch Veteranos 2018-2019"]
[Site "Madrid ESP"]
[Date "2019.01.08"]
[Round "2.26"]
[White "Martinez Martinez, Javier II"]
[Black "Navarro Corredor, Angel"]
[Result "1-0"]
[WhiteElo "1604"]
[BlackElo "1343"]
[PlyCount "43"]
[EventDate "2019.01.07"]
[EventType "swiss"]
[EventRounds "9"]
[EventCountry "ESP"]
[SourceTitle "Ajedrez en Madrid"]
[Source "lmi"]
[SourceDate "2019.01.07"]
[SourceVersion "1"]
[SourceVersionDate "2019.01.22"]
[SourceQuality "1"]

1. d4 d5 2. Nf3 Nf6 3. e3 e6 4. Bd3 Be7 5. O-O Bd7 6. Nbd2 O-O 7. Ne5 Be8 8. f4
Nbd7 9. Rf3 c5 10. b3 cxd4 11. exd4 Bb4 12. Bb2 Qa5 13. c3 Be7 14. Qe2 Rc8 15.
Rh3 g6 16. g4 Qc7 17. Rf1 Nxe5 18. fxe5 Nd7 19. Qe3 f6 20. Qh6 Rf7 21. Bxg6 Bf8
22. Bxf7+ 1-0

[Event "Madrid ch Veteranos 2018-2019"]
[Site "Madrid ESP"]
[Date "2019.01.08"]
[Round "2.28"]
[White "Perales Hernandez, Manuel"]
[Black "Lopez Guitian, Juan J"]
[Result "0-1"]
[WhiteElo "1333"]
[BlackElo "1577"]
[PlyCount "100"]
[EventDate "2019.01.07"]
[EventType "swiss"]
[EventRounds "9"]
[EventCountry "ESP"]
[SourceTitle "Ajedrez en Madrid"]
[Source "lmi"]
[SourceDate "2019.01.07"]
[SourceVersion "1"]
[SourceVersionDate "2019.01.22"]
[SourceQuality "1"]

1. e4 c6 2. d4 d5 3. e5 Bf5 4. h4 h6 5. g4 Be4 6. f3 Bg6 7. h5 Bh7 8. Nc3 e6 9.
Be3 Bb4 10. Bd2 Ne7 11. a3 Ba5 12. Na4 Nd7 13. b4 Bc7 14. g5 Nf5 15. gxh6 gxh6
16. c3 Qe7 17. Qc1 Ng3 18. Rh3 Nxf1 19. Bxh6 Bd3 20. Nb2 Rg8 21. Nxd3 Ng3 22.
Bf4 Nxh5 23. Kf2 Nxf4 24. Nxf4 O-O-O 25. Rb1 Qg5 26. Nge2 Bb6 27. a4 Rh8 28.
Qh1 Rxh3 29. Nxh3 Qh4+ 30. Kf1 Rh8 31. Neg1 Nf8 32. Qg2 Qh7 33. Rd1 Rg8 34. Qe2
Bd8 35. c4 Ng6 36. Qd3 Qg7 37. Qe3 Nh4 38. Rd2 Nf5 39. Qe2 Ng3+ 40. Ke1 Nxe2
41. Nxe2 Bh4+ 42. Kd1 Qg6 43. b5 Qb1+ 44. Nc1 Bg5 45. Nxg5 Rxg5 46. Rh2 Rg1+
47. Ke2 Qxc1 48. Rh8+ Kc7 49. Rf8 Rg2+ 50. Kd3 Qd2# 0-1

[Event "Madrid ch Veteranos 2018-2019"]
[Site "Madrid ESP"]
[Date "2019.01.08"]
[Round "2.29"]
[White "Perez Ramos, Miguel Angel"]
[Black "Tudela Garcia, Antonio"]
[Result "0-1"]
[WhiteElo "1131"]
[BlackElo "1568"]
[PlyCount "90"]
[EventDate "2019.01.07"]
[EventType "swiss"]
[EventRounds "9"]
[EventCountry "ESP"]
[SourceTitle "Ajedrez en Madrid"]
[Source "lmi"]
[SourceDate "2019.01.07"]
[SourceVersion "1"]
[SourceVersionDate "2019.01.22"]
[SourceQuality "1"]

1. d4 Nf6 2. c4 e6 3. Nc3 Bb4 4. Bd2 O-O 5. e4 Bxc3 6. Bxc3 Nxe4 7. Qc2 f5 8.
Nf3 d5 9. Bd3 Nxc3 10. Qxc3 c6 11. Ne5 Nd7 12. cxd5 exd5 13. Nf3 Qe7+ 14. Be2
Nf6 15. O-O Ne4 16. Qc2 f4 17. Rae1 Qf6 18. Bd3 Bf5 19. Qd1 Rae8 20. Ne5 Re7
21. f3 Nd6 22. Bxf5 Nxf5 23. Ng4 Qd6 24. Rxe7 Qxe7 25. Re1 Qb4 26. Nf2 Qxb2 27.
Nd3 Qxd4+ 28. Nf2 Qc5 29. Qe2 Ne3 30. Kh1 d4 31. Nd3 Qd6 32. Qb2 b6 33. Nf2 Qg6
34. Ng4 c5 35. Qb5 Qe6 36. Rg1 Qxa2 37. Qd7 Qf7 38. Qc6 Nxg4 39. fxg4 c4 40. h3
f3 41. Kh2 d3 42. Rf1 f2 43. Qe4 Re8 44. Qf3 Qxf3 45. gxf3 d2 0-1

[Event "Madrid ch Veteranos 2018-2019"]
[Site "Madrid ESP"]
[Date "2019.01.08"]
[Round "2.30"]
[White "Ramos Antona, Enrique"]
[Black "Martin Rodriguez, Jose Luis"]
[Result "0-1"]
[WhiteElo "1561"]
[BlackElo "1285"]
[PlyCount "101"]
[EventDate "2019.01.07"]
[EventType "swiss"]
[EventRounds "9"]
[EventCountry "ESP"]
[SourceTitle "Ajedrez en Madrid"]
[Source "lmi"]
[SourceDate "2019.01.07"]
[SourceVersion "1"]
[SourceVersionDate "2019.01.22"]
[SourceQuality "1"]

1. Nf3 Nf6 2. g3 d5 3. Bg2 c6 4. O-O Bg4 5. Ne5 h5 6. d3 e6 7. Bg5 Be7 8. Nd2
Nbd7 9. Nxd7 Nxd7 10. Bxe7 Qxe7 11. h3 Bf5 12. e4 dxe4 13. Nxe4 O-O-O 14. Qe1
Bg6 15. Qa5 a6 16. b4 Nf6 17. Nc5 Qc7 18. Rab1 Nd7 19. Rb3 Qxa5 20. bxa5 Nxc5
21. Rb4 Kc7 22. Rfb1 Rb8 23. R1b2 Bxd3 24. Rd4 Bg6 25. c3 Rhd8 26. Rbd2 Rxd4
27. cxd4 Nd7 28. f4 Rd8 29. Kf2 Nf6 30. Ke3 Nd5+ 31. Kf3 Ne7 32. g4 hxg4+ 33.
hxg4 Nd5 34. Kg3 Ne7 35. Kf3 Rd5 36. Bf1 Rxa5 37. Bc4 Ra3+ 38. Bb3 a5 39. Ke2
Nd5 40. f5 exf5 41. Rc2 f4 42. Rc5 b6 43. Rc1 Kd6 44. Ra1 a4 45. Bxd5 Kxd5 46.
Rh1 Rxa2+ 47. Kf3 Kxd4 48. Kxf4 Rf2+ 49. Kg3 Ra2 50. Kf3 Rc2 51. Kf4 0-1

[Event "Madrid ch Veteranos 2018-2019"]
[Site "Madrid ESP"]
[Date "2019.01.09"]
[Round "3.1"]
[White "Elissalt Cardenas, Hector"]
[Black "Esteban Amo, Jose M"]
[Result "1-0"]
[WhiteElo "2303"]
[BlackElo "1888"]
[PlyCount "91"]
[EventDate "2019.01.07"]
[EventType "swiss"]
[EventRounds "9"]
[EventCountry "ESP"]
[SourceTitle "Ajedrez en Madrid"]
[Source "lmi"]
[SourceDate "2019.01.07"]
[SourceVersion "1"]
[SourceVersionDate "2019.01.22"]
[SourceQuality "1"]

1. d4 f5 2. g3 Nf6 3. Bg2 g6 4. Nh3 d6 5. c3 Bg7 6. O-O Nc6 7. Qb3 e6 8. Nf4 d5
9. Nd2 O-O 10. Nf3 Ne4 11. Nd3 Na5 12. Qc2 Nc4 13. b3 Ncd6 14. Bf4 Nb5 15. Bd2
Bd7 16. Nfe5 b6 17. Be1 Rc8 18. a4 Nbd6 19. f3 Nf6 20. Bf2 Nf7 21. a5 Nxe5 22.
Nxe5 b5 23. Be3 Ne8 24. Nd3 Nd6 25. Bf4 Qe7 26. Qd2 Rcd8 27. a6 Rc8 28. Rfe1
Bc6 29. Be5 Nf7 30. Bxg7 Kxg7 31. e4 Qd6 32. exf5 exf5 33. Ne5 Rce8 34. f4 Bd7
35. b4 c6 36. Bf3 Qc7 37. h4 Nd6 38. h5 Ne4 39. Bxe4 fxe4 40. Qh2 Qd8 41. Rf1
Qc8 42. Kf2 g5 43. Ke3 g4 44. h6+ Kg8 45. Qh5 Bf5 46. Qg5+ 1-0

[Event "Madrid ch Veteranos 2018-2019"]
[Site "Madrid ESP"]
[Date "2019.01.09"]
[Round "3.2"]
[White "Sotoca Aguado, Jose"]
[Black "Pastor Alonso De Prado, Alberto"]
[Result "0-1"]
[WhiteElo "1881"]
[BlackElo "2147"]
[PlyCount "122"]
[EventDate "2019.01.07"]
[EventType "swiss"]
[EventRounds "9"]
[EventCountry "ESP"]
[SourceTitle "Ajedrez en Madrid"]
[Source "lmi"]
[SourceDate "2019.01.07"]
[SourceVersion "1"]
[SourceVersionDate "2019.01.22"]
[SourceQuality "1"]

1. d4 d6 2. e4 g6 3. Nf3 Bg7 4. Bc4 c6 5. O-O Nf6 6. Qe2 O-O 7. c3 d5 8. exd5
cxd5 9. Bd3 Bg4 10. h3 Bxf3 11. Qxf3 e6 12. Bg5 Nbd7 13. Nd2 Qb6 14. Nb3 a5 15.
Rab1 Qc6 16. Qe2 a4 17. Bb5 Qd6 18. Nd2 Rfc8 19. a3 Ra5 20. Rfe1 Nb6 21. Bd3
Nh5 22. Qe3 Nc4 23. Bxc4 dxc4 24. Ne4 Qf8 25. g4 h6 26. gxh5 hxg5 27. hxg6 fxg6
28. Nc5 e5 29. Ne6 exd4 30. Nxf8 dxe3 31. Ne6 exf2+ 32. Kxf2 Rf5+ 33. Kg2 Bf6
34. Rbd1 Rb5 35. Re2 Re8 36. Rdd2 Rb6 37. Nc5 Rxe2+ 38. Rxe2 Rc6 39. Ne4 Be7
40. Rd2 Kf7 41. Kf3 Rb6 42. Kg4 Rb5 43. Rf2+ Ke6 44. Rd2 Rf5 45. Re2 Rf4+ 46.
Kg3 Kf5 47. Nf2 Bd6 48. Kg2 Bc5 49. Ng4 Re4 50. Rd2 Kf4 51. Nf6 Re5 52. Ng4 Re1
53. Rc2 Rg1+ 54. Kh2 Rd1 55. Kg2 Rd3 56. Re2 b5 57. Ne5 Rg3+ 58. Kh2 Bg1+ 59.
Kh1 Be3 60. Nxg6+ Kf3 61. Kh2 Bg1+ 0-1

[Event "Madrid ch Veteranos 2018-2019"]
[Site "Madrid ESP"]
[Date "2019.01.09"]
[Round "3.3"]
[White "Sanchez Garcia, Aurelio"]
[Black "Sanchez Peral, Pedro"]
[Result "1-0"]
[WhiteElo "2058"]
[BlackElo "1873"]
[PlyCount "129"]
[EventDate "2019.01.07"]
[EventType "swiss"]
[EventRounds "9"]
[EventCountry "ESP"]
[SourceTitle "Ajedrez en Madrid"]
[Source "lmi"]
[SourceDate "2019.01.07"]
[SourceVersion "1"]
[SourceVersionDate "2019.01.22"]
[SourceQuality "1"]

1. Nf3 Nf6 2. c4 g6 3. b4 Bg7 4. Bb2 O-O 5. g3 b6 6. Bg2 Bb7 7. O-O c5 8. b5 d5
9. cxd5 Nxd5 10. Bxg7 Kxg7 11. d4 Nf6 12. dxc5 bxc5 13. Nc3 Nbd7 14. Qc2 Qc7
15. a4 Rac8 16. a5 Rfd8 17. Rfb1 Ne5 18. b6 axb6 19. axb6 Qb8 20. Nxe5 Bxg2 21.
Nxf7 Kxf7 22. Kxg2 Qb7+ 23. Kg1 Qc6 24. Qa4 Qxa4 25. Rxa4 Rb8 26. Ra5 Rd6 27.
Na4 Nd7 28. Nxc5 Nxc5 29. Rxc5 Rdxb6 30. Rxb6 Rxb6 31. g4 h6 32. Kg2 Rb4 33.
Kg3 Rb3+ 34. e3 Ra3 35. h4 Rb3 36. Ra5 Rc3 37. h5 Rc6 38. hxg6+ Rxg6 39. Rf5+
Kg7 40. Kf4 Ra6 41. Ke5 Rb6 42. f3 Ra6 43. Kd4 Rd6+ 44. Ke4 Ra6 45. Kf4 Rc6 46.
e4 Ra6 47. Ke3 Rb6 48. Kd4 Rd6+ 49. Kc5 Rd3 50. e5 Rc3+ 51. Kd5 Rc7 52. Ke6 Ra7
53. Rf7+ Kg6 54. Rxe7 Ra6+ 55. Kd5 Ra5+ 56. Ke4 Ra4+ 57. Ke3 h5 58. gxh5+ Kxh5
59. Rg7 Kh6 60. Rg4 Ra5 61. Ke4 Ra4+ 62. Kf5 Ra5 63. f4 Ra6 64. Rg1 Kh7 65. e6
1-0

[Event "Madrid ch Veteranos 2018-2019"]
[Site "Madrid ESP"]
[Date "2019.01.09"]
[Round "3.4"]
[White "Viñas Lopez, Carlos"]
[Black "Gonzalez Rivera, Eduardo"]
[Result "1-0"]
[WhiteElo "1879"]
[BlackElo "2025"]
[PlyCount "79"]
[EventDate "2019.01.07"]
[EventType "swiss"]
[EventRounds "9"]
[EventCountry "ESP"]
[SourceTitle "Ajedrez en Madrid"]
[Source "lmi"]
[SourceDate "2019.01.07"]
[SourceVersion "1"]
[SourceVersionDate "2019.01.22"]
[SourceQuality "1"]

1. d4 d5 2. Bf4 Nf6 3. e3 c6 4. c4 a6 5. Nc3 dxc4 6. Bxc4 b5 7. Bd3 e6 8. Nf3
Nbd7 9. O-O Bb7 10. Rc1 c5 11. Qe2 Be7 12. h3 O-O 13. Rfd1 Qa5 14. Ne5 Rfd8 15.
a4 c4 16. Bc2 b4 17. Nxc4 Qh5 18. Qxh5 Nxh5 19. Ne2 Nxf4 20. Nxf4 g5 21. Ne2
Rac8 22. Na5 Bd5 23. e4 Ba8 24. Bd3 e5 25. Bxa6 Rxc1 26. Rxc1 Bxe4 27. dxe5
Nxe5 28. Rc8 Rxc8 29. Bxc8 Nd3 30. f3 Bd5 31. b3 Bd8 32. Bb7 Be6 33. Nc6 Bb6+
34. Kf1 Bxb3 35. a5 Be3 36. Ba6 Nc5 37. Bb5 Ba4 38. a6 Bxb5 39. Ne7+ Kf8 40. a7
1-0

[Event "Madrid ch Veteranos 2018-2019"]
[Site "Madrid ESP"]
[Date "2019.01.09"]
[Round "3.5"]
[White "Campos Calvo-Sotelo, Juan"]
[Black "Martin Martin, Luis Vicente"]
[Result "1/2-1/2"]
[WhiteElo "1811"]
[BlackElo "1981"]
[PlyCount "70"]
[EventDate "2019.01.07"]
[EventType "swiss"]
[EventRounds "9"]
[EventCountry "ESP"]
[SourceTitle "Ajedrez en Madrid"]
[Source "lmi"]
[SourceDate "2019.01.07"]
[SourceVersion "1"]
[SourceVersionDate "2019.01.22"]
[SourceQuality "1"]

1. b4 d5 2. e3 Bf5 3. c4 e6 4. Bb2 Nf6 5. a3 a5 6. b5 Nbd7 7. Nf3 dxc4 8. Bxc4
Nb6 9. Be2 Be7 10. Nc3 O-O 11. O-O h6 12. d4 Nbd5 13. Nxd5 exd5 14. Ne5 Bd6 15.
a4 Nd7 16. Bf3 Nb6 17. Qb3 Be6 18. Ba3 Qe7 19. Bxd6 cxd6 20. Nd3 Rfc8 21. Rfc1
Rc4 22. Qd1 Rac8 23. Nb2 Rc3 24. Rxc3 Rxc3 25. Rc1 Qc7 26. Ra1 Bf5 27. Be2 Bc2
28. Qe1 Bb3 29. h3 Rc2 30. Nd3 Qc3 31. Bd1 Qxe1+ 32. Nxe1 Ra2 33. Rxa2 Bxa2 34.
Nd3 Kf8 35. Nb2 Nc4 1/2-1/2